| 000 | 00660na a2200217 4500 | ||
|---|---|---|---|
| 001 | 13432 | ||
| 003 | MIRAKIL | ||
| 005 | 20181213154741.0 | ||
| 008 | 161010b tu 000 0 | ||
| 040 |
_aMilas _btur _cTR-AnCHP |
||
| 041 | _aeng | ||
| 082 |
_a943.51771 _bT86t [t.y.] |
||
| 090 | _a943.51771 T86t [t.y.] | ||
| 130 | _aTurkish cultural center New York | ||
| 245 |
_aTaste the Turkish hospitality _cTurkish cultural center New York |
||
| 260 |
_aNew York _bTurkish cultural center New York _c[t. y.] |
||
| 300 |
_a84 s. _bfotğ. _c22 sm. |
||
| 650 |
_aKültür _xTanıtım _zTürkiye |
||
| 650 |
_aTürk kültürü _xKonuk severlik |
||
| 942 |
_2ddc _cBKS |
||
| 999 |
_c271 _d271 |
||